Informe final: Reunión sobre Recursos y Necesidades de Información y Documentación Socio-educativa en el Area Centroamericana
Saved in:
| Corporate Author: | |
|---|---|
| Format: | Unknown |
| Published: |
Guatemala :
|
| Subjects: | |
| Tags: |
Add Tag
No Tags, Be the first to tag this record!
|
MARC
| LEADER | 00000 a2200000 04500 | ||
|---|---|---|---|
| 001 | 15434 | ||
| 003 | |||
| 008 | 991231s d | ||
| 040 | |||
| 090 | |a 019202 | ||
| 110 | |a Coordinación Educativa Centroamericana | ||
| 245 | |a Informe final: Reunión sobre Recursos y Necesidades de Información y Documentación Socio-educativa en el Area Centroamericana | ||
| 260 | |a Guatemala : | ||
| 300 | |a p. varia | ||
| 650 | |a DOCUMENTACION | ||
| 999 | |c 13766 |d 13766 | ||
